|
|
|
|
| LEADER |
02516nam a2200637 i 4500 |
| 001 |
nkc20233535508 |
| 003 |
CZ PrNK |
| 005 |
20230904141221.0 |
| 007 |
ta |
| 008 |
230803s2023 xr a e c 000 0dcze |
| 020 |
|
|
|a 978-80-908966-0-4
|q (brožováno)
|
| 040 |
|
|
|a OLA001
|b cze
|e rda
|
| 043 |
|
|
|a n-us---
|
| 045 |
|
|
|a x6x8
|
| 072 |
|
7 |
|a 76
|x Grafické umění. Grafika
|2 Konspekt
|9 21
|
| 080 |
|
|
|a 76(73)
|2 MRF
|
| 080 |
|
|
|a 76:655.332
|2 MRF
|
| 080 |
|
|
|a 7.038.51
|2 MRF
|
| 080 |
|
|
|a 7.036/.038
|2 MRF
|
| 080 |
|
|
|a (73)
|2 MRF
|
| 080 |
|
|
|a (083.824)
|2 MRF
|
| 100 |
1 |
|
|a Warhol, Andy,
|d 1928-1987
|7 jn20000701934
|4 art
|
| 245 |
1 |
0 |
|a Andy Warhol :
|b grafika /
|c odborná příprava, texty a koncepce výstavy: Pavla Vaňková ve spolupráci s Galerií Moderna a Martinem Zemanem
|
| 246 |
3 |
0 |
|a Grafika - Andy Warhol
|
| 264 |
|
1 |
|a Praha :
|b Kulturní Jižní Město o.p.s.,
|c 2023
|
| 300 |
|
|
|a 36 nečíslovaných stran :
|b barevné ilustrace ;
|c 22 x 23 cm
|
| 336 |
|
|
|a text
|b txt
|2 rdacontent
|
| 336 |
|
|
|a statický obraz
|b sti
|2 rdacontent
|
| 337 |
|
|
|a bez média
|b n
|2 rdamedia
|
| 338 |
|
|
|a svazek
|b nc
|2 rdacarrier
|
| 500 |
|
|
|a Název z obálky
|
| 500 |
|
|
|a Ke stejnojmenné výstavě konané 16.6.-30.7.2023 v Galerii Chodovské tvrze, Praha
|
| 500 |
|
|
|a 50 výtisků
|
| 500 |
|
|
|a Životopisná data
|
| 600 |
1 |
7 |
|a Warhol, Andy,
|d 1928-1987
|7 jn20000701934
|2 czenas
|
| 648 |
|
4 |
|a 1968-1987
|
| 648 |
|
7 |
|a 20. století
|7 ch460558
|2 czenas
|
| 650 |
0 |
7 |
|a americká grafika
|7 ph118380
|y 20. století
|2 czenas
|
| 650 |
0 |
7 |
|a serigrafie
|7 ph125489
|z Spojené státy americké
|y 20. století
|2 czenas
|
| 650 |
0 |
7 |
|a pop art
|7 ph124337
|z Spojené státy americké
|2 czenas
|
| 650 |
0 |
7 |
|a moderní umění
|7 ph115340
|z Spojené státy americké
|2 czenas
|
| 650 |
0 |
9 |
|a American prints
|y 20th century
|2 eczenas
|
| 650 |
0 |
9 |
|a serigraphy
|z UnitedStates
|y 20th century
|2 eczenas
|
| 650 |
0 |
9 |
|a pop art
|z UnitedStates
|2 eczenas
|
| 650 |
0 |
9 |
|a modern art
|z United States
|2 eczenas
|
| 655 |
|
7 |
|a katalogy výstav
|7 fd132536
|2 czenas
|
| 655 |
|
9 |
|a exhibition catalogs
|2 eczenas
|
| 700 |
1 |
|
|a Vaňková, Pavla,
|d 1972-
|7 xx0198012
|4 aut
|
| 700 |
1 |
|
|a Zeman, Martin
|7 jx20071106023
|4 ctb
|
| 710 |
2 |
|
|a Galerie Moderna (Praha, Česko)
|7 pna2009497693
|4 ctb
|
| 710 |
2 |
|
|a Chodovská vodní tvrz.
|b Velká galerie
|7 ko20191019806
|4 orm
|
| 910 |
2 |
|
|a BOA001
|b 2-1513.294
|
| 990 |
|
|
|a BK
|
| 995 |
|
|
|a 11
|
| 991 |
|
|
|b 202309
|c NOV
|
| 996 |
6 |
|
|b 2610947216
|c 2-1513.294
|l MZK
|r Sklad / do 1 hodiny
|n 0
|p p.v.
|w 001936967
|u 000010
|a 1
|e BOA001
|j MZK50
|s P
|